Zdaňovanie podielov na zisku (dividend) v kontexte zmien od 1. 1. 2017

Pokračovanie príspevku z predchádzajúceho čísla. Uplatnenie spôsobu zdaňovania podielov na zisku (dividend) uvedeného v ustanovení § 52 ods. 24 zákona č. 595/2003 Z. z. o dani z príjmov v z. n. p. po 1. januári 2017.

Saved in:
Bibliographic Details
Main Author: Slivková, Dana
Format: Book Chapter
Language:Slovak
Subjects:
Tags: Add Tag
No Tags, Be the first to tag this record!

MARC

LEADER 00000naa a2200000 4500
001 0237523
005 20171122132121.0
041 0 |a slo 
044 |a SK 
245 1 0 |a Zdaňovanie podielov na zisku (dividend) v kontexte zmien od 1. 1. 2017  |c Dana Slivková 
520 |a Pokračovanie príspevku z predchádzajúceho čísla. Uplatnenie spôsobu zdaňovania podielov na zisku (dividend) uvedeného v ustanovení § 52 ods. 24 zákona č. 595/2003 Z. z. o dani z príjmov v z. n. p. po 1. januári 2017. 
610 2 0 |a dane z príjmov 
610 2 0 |a zdaňovanie medzinárodné 
610 2 0 |a podiely na zisku 
610 2 0 |a dividendy 
100 1 |a Slivková, Dana